000 01707nam0a2200337 4500
001 RU\NLR\bibl\738441
005 20250614002217.0
010 _a5-696-02702-4
_9300
021 _aRU
_b2004-79020
_93899
035 _a(NLR Aleph) 000728346
090 _a746696
_c746696
100 _a20050323d2004 |||y0rusy50 ca
101 0 _arus
102 _aRU
105 _aa |||||||||
200 1 _aСборник задач по строительной механике (с примерами и пояснениями)
_eучебное пособие
_e[для строительных специальностей всех форм обучения]
_fА. П. Мельчаков, И. С. Никольский
_gМ-во образования и науки Рос. Федерации, Юж.-Ур. гос. ун-т, Каф. строит. механики
210 _aЧелябинск
_cИзд-во ЮУрГУ
_d2004
215 _a57, [1] с.
_cил.
_d21
320 _aБиблиогр. в конце кн.
606 1 _aСтроительная механика
_xЗадачи
_xРешение
_92106359
_3RU\NLR\auth\661273369
606 1 _aСтроительная механика
_jУчебные издания для высших учебных заведений
_xЗадачи
_xРешение
_92106359
_3RU\NLR\auth\661273369
686 _aН112я73-4
700 1 _aМельчаков
_bА. П.
_gАнатолий Петрович
_4070
701 1 _aНикольский
_bИ. С.
_gИван Сергеевич
_4070
801 0 _aRU
_bNLR
_c20050323
_gPSBO
801 1 _aRU
_bNLR
_c20050323
830 _aАвт. по кн.
942 _cBOOK
980 _aNB